000 00827nam a2200265 c 4500
999 _c56441
_d56441
003 BLK
005 20220721081319.0
008 180408b bul|||||r ||||||| ||bul||
010 _aKNG00060422000
040 _aBLK
041 _aBUL
_cBUL
080 _aКраезнание
_b908
_x(497.2-21)(036)
_z908(497.2-21)(036)
100 1 _aВелков, Велизар
_eпърви автор
_9276456
139 _aВелков, Велизар
_bВ 43
245 1 0 _aНесебър
_bПътеводител
_cВелизар Велков.
257 _aBGR
260 _aСофия
_bМедицина и физкултура
_c1972
300 _a55 с.
_c19 см
380 _a9
500 _aАвт. не е отбелязан на кор 5 090 тир
650 7 _9165597
_aПаметници на културата - Несебър - пътеводители
852 _aЦб 65719
_bЦб
856 4 _qpdf
856 4 _qpdf
942 _cKNG
_n0
_s1
944 _aCR
_c13.06.2004
_kГеновева_Генчева
944 _aED
_c05.09.2014
944 _aED
_c2022-07-21
999 _d56441